| 000 | 00568nam a2200169Ia 4500 | ||
|---|---|---|---|
| 008 | 090711s9999 xx 000 0 und d | ||
| 082 | _b1745 | ||
| 100 | _aजोगळेकर का. गो. | ||
| 245 | _aरिंगण रेषेवरू न | ||
| 260 |
_bमोरया प्रकाशन _c1997 |
||
| 300 | _a250 | ||
| 600 | _aजोगळेकर का. गो. | ||
| 630 | _aरिंगण रेषेवरू न | ||
| 700 | _aजोगळेकर का. गो. | ||
| 730 | _aरिंगण रेषेवरू न | ||
| 942 | _cBOOK | ||
| 999 |
_c325212 _d325212 |
||